[Event "ESP tch Segunda División 2014"]
[Site "Linares ESP"]
[Date "2014.08.22"]
[Round "6.3"]
[White "Conde Abuin, Manuel"]
[Black "Jimenez Villena, Francisco Jose"]
[Result "0-1"]
[WhiteElo "2176"]
[BlackElo "2126"]
[PlyCount "80"]
[EventDate "2014.08.18"]
[EventType "team-swiss"]
[EventRounds "6"]
[EventCountry "ESP"]
[Source "lmi"]
[SourceDate "2014.08.18"]
[WhiteTeam "CLUB XADREZ FONTECARMOA"]
[BlackTeam "INTERNATIONAL TOTANA CHESS CLUB"]

1. e4 g6 2. d4 Bg7 3. Nc3 c6 4. Nf3 d6 5. Bd3 Bg4 6. Be3 Qb6 7. O-O Bxf3 8.
Qxf3 Qxb2 9. Ne2 Qb6 10. Bc4 Nf6 11. e5 Nd5 12. Nc3 O-O 13. Rab1 Qd8 14. Nxd5
cxd5 15. Bxd5 Nc6 16. Rxb7 Na5 17. Rxe7 Qxe7 18. Bxa8 dxe5 19. dxe5 Nc4 20. Bf4
g5 21. Bc1 Nxe5 22. Qe4 f5 23. Bd5+ Kh8 24. Qe2 Re8 25. c4 f4 26. Qh5 Nd3 27.
Bd2 Bd4 28. h4 Qe2 29. Be3 Qxh5 30. Bxd4+ Ne5 31. Re1 gxh4 32. c5 Kg7 33. c6
Kh6 34. c7 Nf3+ 35. Bxf3 Rxe1+ 36. Kh2 Qf5 37. Bxa7 Qc2 38. Bb6 Qb1 39. Kh3 Kg5
40. Be3 Rxe3 0-1

[Event "ESP tch Segunda División 2014"]
[Site "Linares ESP"]
[Date "2014.08.22"]
[Round "6.3"]
[White "Gonzalez Diaz, Julio"]
[Black "Ibarra Jerez, Juan Miguel"]
[Result "1-0"]
[WhiteElo "2286"]
[BlackElo "2249"]
[PlyCount "85"]
[EventDate "2014.08.18"]
[EventType "team-swiss"]
[EventRounds "6"]
[EventCountry "ESP"]
[Source "lmi"]
[SourceDate "2014.08.18"]
[WhiteTeam "CLUB XADREZ FONTECARMOA"]
[BlackTeam "INTERNATIONAL TOTANA CHESS CLUB"]

1. g3 c5 2. Bg2 Nc6 3. c4 g6 4. Nc3 Bg7 5. Nf3 d6 6. O-O Bd7 7. a3 Nf6 8. Rb1
a5 9. d3 O-O 10. Ne1 Qc8 11. Nc2 Bh3 12. e4 Bxg2 13. Kxg2 Nd4 14. Nxd4 cxd4 15.
Nb5 Ne8 16. b4 axb4 17. Rxb4 Nc7 18. Nxc7 Qxc7 19. Qb3 Ra7 20. Rb5 Rfa8 21. h3
Qc6 22. f3 h6 23. g4 Kh7 24. h4 e6 25. Rf2 Qd7 26. Re2 Qe7 27. Kh3 Bf6 28. g5
Bg7 29. a4 Rxa4 30. Rxb7 Qf8 31. Qb6 Ra1 32. Rc2 hxg5 33. hxg5 Be5 34. Qc7 Kg7
35. Kg2 Qg8 36. f4 Rxc1 37. Rxc1 Bxf4 38. Rc2 Be5 39. Rf2 Rf8 40. c5 Kh8 41.
Rf3 Qg7 42. c6 Kg8 43. Rxf7 1-0

[Event "ESP tch Segunda División 2014"]
[Site "Linares ESP"]
[Date "2014.08.22"]
[Round "6.3"]
[White "Ibarra Jerez, Jose Carlos"]
[Black "Suarez Gomez, Julio"]
[Result "1/2-1/2"]
[WhiteElo "2521"]
[BlackElo "2294"]
[PlyCount "47"]
[EventDate "2014.08.18"]
[EventType "team-swiss"]
[EventRounds "6"]
[EventCountry "ESP"]
[Source "lmi"]
[SourceDate "2014.08.18"]
[WhiteTeam "INTERNATIONAL TOTANA CHESS CLUB"]
[BlackTeam "CLUB XADREZ FONTECARMOA"]

1. g3 d5 2. Bg2 c6 3. Nf3 Bg4 4. c4 e6 5. cxd5 exd5 6. O-O Nd7 7. Nc3 Ngf6 8.
d3 Be7 9. Qc2 O-O 10. e4 Nc5 11. Ne5 Be6 12. f4 dxe4 13. dxe4 Qd4+ 14. Kh1 Rad8
15. Rd1 Qb4 16. Bd2 Nb3 17. axb3 Bxb3 18. Qc1 Bxd1 19. Qxd1 Qxb2 20. Nc4 Qb4
21. Ne5 Qb2 22. Nc4 Qb4 23. Ne5 Qb2 24. Nc4 1/2-1/2

[Event "ESP tch Segunda División 2014"]
[Site "Linares ESP"]
[Date "2014.08.22"]
[Round "6.3"]
[White "Tudela Corbalan, Carlos"]
[Black "Cruz Alvarez de Ron, Dan"]
[Result "0-1"]
[WhiteElo "2189"]
[BlackElo "2220"]
[PlyCount "92"]
[EventDate "2014.08.18"]
[EventType "team-swiss"]
[EventRounds "6"]
[EventCountry "ESP"]
[Source "lmi"]
[SourceDate "2014.08.18"]
[WhiteTeam "INTERNATIONAL TOTANA CHESS CLUB"]
[BlackTeam "CLUB XADREZ FONTECARMOA"]

1. e4 g6 2. d4 Bg7 3. Nc3 c6 4. Bc4 d5 5. exd5 b5 6. Bb3 b4 7. Nce2 cxd5 8. Nf3
Nf6 9. O-O O-O 10. a3 bxa3 11. Rxa3 Nc6 12. Ne5 Bb7 13. Nf4 e6 14. Nxc6 Bxc6
15. Nd3 Nd7 16. c3 Bb5 17. Re1 Qb6 18. h4 Rfc8 19. Bc2 Bf8 20. Ra1 Bxd3 21.
Bxd3 Bg7 22. Qf3 a5 23. h5 a4 24. Rb1 Qc6 25. Bd2 e5 26. c4 exd4 27. cxd5 Qf6
28. Qg3 Qd8 29. hxg6 hxg6 30. Bb5 Nf6 31. Bc6 Rab8 32. Bg5 Qa5 33. Bxf6 Bxf6
34. Qf4 Kg7 35. g4 g5 36. Qe4 a3 37. bxa3 Qxa3 38. Rbd1 Rh8 39. Rd3 Qd6 40. Rf3
Rb2 41. Rg3 Rh4 42. Kg2 Qb4 43. Rd1 Rb3 44. Rdd3 Rxd3 45. Rxd3 Qb1 46. Kg3 Qf1
0-1

[Event "ESP tch Segunda División 2014"]
[Site "Linares ESP"]
[Date "2014.08.22"]
[Round "6.4"]
[White "Cervello Tost, Ferran"]
[Black "Gutierrez Valero, Mario"]
[Result "0-1"]
[WhiteElo "2141"]
[BlackElo "2198"]
[PlyCount "84"]
[EventDate "2014.08.18"]
[EventType "team-swiss"]
[EventRounds "6"]
[EventCountry "ESP"]
[Source "lmi"]
[SourceDate "2014.08.18"]
[WhiteTeam "PEONA I PEO, CLUB D'ESCACS"]
[BlackTeam "ALEKHINE ESPARTINAS"]

1. d4 Nf6 2. Nf3 g6 3. g3 Bg7 4. Bg2 O-O 5. O-O d6 6. c4 Nc6 7. Nc3 a6 8. b3
Rb8 9. Bb2 b5 10. d5 Na5 11. cxb5 axb5 12. Nd4 b4 13. Na4 Bd7 14. Rc1 e5 15.
Nc6 Nxc6 16. dxc6 Be6 17. Qd2 h5 18. Rfd1 Qe7 19. Ba1 h4 20. Nb2 Kh7 21. Nd3
Bh6 22. e3 Bg4 23. Re1 Bf5 24. Nxb4 Ne4 25. Nd5 Qd8 26. Qe2 hxg3 27. hxg3 Ng5
28. b4 Be4 29. b5 Bxd5 30. Bxd5 Qc8 31. Bg2 e4 32. a4 Bg7 33. Kh2 Bxa1 34. Rxa1
Rh8 35. Rh1 Kg7+ 36. Kg1 Qf5 37. Rxh8 Rxh8 38. a5 Nf3+ 39. Kf1 Rh2 40. Ra4 Qh3
41. Qb2+ f6 42. Bxh3 Rh1+ 0-1

[Event "ESP tch Segunda División 2014"]
[Site "Linares ESP"]
[Date "2014.08.22"]
[Round "6.4"]
[White "Lopez Gonzalez, Daniel"]
[Black "Corriguelas Armillas, Frederic"]
[Result "1/2-1/2"]
[WhiteElo "2239"]
[BlackElo "2035"]
[PlyCount "96"]
[EventDate "2014.08.18"]
[EventType "team-swiss"]
[EventRounds "6"]
[EventCountry "ESP"]
[Source "lmi"]
[SourceDate "2014.08.18"]
[WhiteTeam "ALEKHINE ESPARTINAS"]
[BlackTeam "PEONA I PEO, CLUB D'ESCACS"]

1. d4 e6 2. c4 Nf6 3. Nf3 b6 4. a3 Bb7 5. Nc3 Be7 6. d5 exd5 7. cxd5 O-O 8. e4
d6 9. Be2 Re8 10. O-O Bf8 11. Qc2 c5 12. dxc6 Bxc6 13. Nd4 Bxe4 14. Nxe4 Nxe4
15. Bf3 d5 16. Rd1 Na6 17. b4 Qc8 18. Bb2 Qxc2 19. Nxc2 Nc7 20. Ne3 a5 21. Rac1
Rac8 22. Bg4 Ne6 23. Nxd5 Rxc1 24. Rxc1 Rd8 25. Rd1 Rd6 26. f3 Nf6 27. Bxf6
gxf6 28. Nxf6+ Kh8 29. Rxd6 Bxd6 30. Nd5 Nc7 31. Nxb6 axb4 32. axb4 Bxb4 33.
Nc4 Kg7 34. f4 Nd5 35. g3 Bc5+ 36. Kg2 Ne3+ 37. Nxe3 Bxe3 38. Kf3 Bc5 39. Bf5
h6 40. Kg4 f6 41. Bd7 Bg1 42. h3 Bf2 43. Kf3 Be1 44. g4 Bd2 45. h4 Be1 46. h5
Bd2 47. Ke4 Bc1 48. Kf5 Bd2 1/2-1/2

[Event "ESP tch Segunda División 2014"]
[Site "Linares ESP"]
[Date "2014.08.22"]
[Round "6.4"]
[White "Matnadze, Ana"]
[Black "Aranaz Murillo, Amalia"]
[Result "1/2-1/2"]
[WhiteElo "2385"]
[BlackElo "2314"]
[PlyCount "118"]
[EventDate "2014.08.18"]
[EventType "team-swiss"]
[EventRounds "6"]
[EventCountry "ESP"]
[Source "lmi"]
[SourceDate "2014.08.18"]
[WhiteTeam "PEONA I PEO, CLUB D'ESCACS"]
[BlackTeam "ALEKHINE ESPARTINAS"]

1. d4 d5 2. Nf3 Nf6 3. g3 c6 4. Bg2 Bg4 5. O-O e6 6. c4 Nbd7 7. Qb3 Qb6 8. Nc3
Be7 9. c5 Qa6 10. Re1 b6 11. cxb6 axb6 12. e4 O-O 13. exd5 Nxd5 14. Bd2 Rfd8
15. Nxd5 cxd5 16. a3 Qa4 17. Qe3 Bxf3 18. Bxf3 Bf6 19. Bb4 Qc2 20. Rad1 Nb8 21.
Bh5 g6 22. Rd2 Qc8 23. Bg4 Kg7 24. h4 h5 25. Bd1 Nc6 26. Bc3 Qa6 27. Kg2 Rdc8
28. Be2 Qa7 29. Rh1 Rh8 30. Qf4 Qb8 31. Qxb8 Raxb8 32. a4 Ne7 33. Bd3 Rhc8 34.
Ra1 Ra8 35. Ra3 Nc6 36. Bb5 Na5 37. Bxa5 bxa5 38. Rc3 Kf8 39. Kf3 Rxc3+ 40.
bxc3 Rc8 41. Rd3 Ke7 42. Ke2 Bg7 43. Kd2 Kd6 44. Kc2 e5 45. dxe5+ Bxe5 46. c4
d4 47. Rd1 Rc7 48. Kd3 Bf6 49. Rb1 Rb7 50. Re1 Bd8 51. f4 Bb6 52. Re5 Rc7 53.
Rd5+ Ke6 54. Ba6 Rc5 55. Bb7 Rxd5 56. Bxd5+ Ke7 57. Bf3 f5 58. Bd5 Bc5 59. Bc6
Kf7 1/2-1/2

[Event "ESP tch Segunda División 2014"]
[Site "Linares ESP"]
[Date "2014.08.22"]
[Round "6.4"]
[White "Santos Ruiz, Miguel"]
[Black "Capellades Subirana, Marc"]
[Result "1/2-1/2"]
[WhiteElo "2306"]
[BlackElo "2188"]
[PlyCount "151"]
[EventDate "2014.08.18"]
[EventType "team-swiss"]
[EventRounds "6"]
[EventCountry "ESP"]
[Source "lmi"]
[SourceDate "2014.08.18"]
[WhiteTeam "ALEKHINE ESPARTINAS"]
[BlackTeam "PEONA I PEO, CLUB D'ESCACS"]

1. e4 e5 2. Nf3 Nc6 3. Bb5 a6 4. Ba4 Nf6 5. d3 d6 6. c3 Bd7 7. Nbd2 Be7 8. O-O
O-O 9. Re1 Ne8 10. d4 f6 11. Nf1 Kh8 12. Ne3 g6 13. Nd5 Bg4 14. h3 Bxf3 15.
Qxf3 Ng7 16. dxe5 fxe5 17. Qg4 b5 18. Bc2 Nh5 19. Bh6 Re8 20. a4 b4 21. a5 Na7
22. Nxb4 Nf6 23. Qd1 c5 24. Nd5 Nxd5 25. Qxd5 Bf8 26. Be3 Rb8 27. Ba4 Nb5 28.
Red1 Qc8 29. Bb3 Bg7 30. Bc4 Nc7 31. Qxd6 Rxb2 32. Qxc5 Bf8 33. Qc6 Nb5 34. Qd5
Bg7 35. Qd3 Nc7 36. Bb6 Nb5 37. Bxb5 Rxb5 38. c4 Rb4 39. Rac1 Bf8 40. c5 Rd4
41. Qe3 Rxd1+ 42. Rxd1 Qc6 43. Rd5 Qf6 44. Qd3 Qf4 45. g3 Qc1+ 46. Kg2 Re6 47.
Rxe5 Rf6 48. Re8 Kg7 49. Qd7+ Kh6 50. c6 Bc5 51. Bxc5 Qxc5 52. Qd2+ Kg7 53. Rd8
Qxc6 54. Qd7+ Qxd7 55. Rxd7+ Kh6 56. Rb7 Re6 57. Rb6 Rxe4 58. Rxa6 Ra4 59. Ra7
Ra2 60. a6 g5 61. Kf1 Kg6 62. Ra8 Kh6 63. a7 Kg7 64. f4 gxf4 65. gxf4 Ra1+ 66.
Ke2 Ra2+ 67. Kf3 Ra3+ 68. Kg4 Kh6 69. f5 Rxa7 70. Rg8 Ra4+ 71. Kg3 Ra3+ 72. Kh4
Rf3 73. Kg4 Ra3 74. h4 Ra4+ 75. Kh3 Rxh4+ 76. Kxh4 1/2-1/2

[Event "ESP tch Segunda División 2014"]
[Site "Linares ESP"]
[Date "2014.08.22"]
[Round "6.5"]
[White "Capel Fernandez, Manuel"]
[Black "Cenal Gutierrez, Ruben"]
[Result "0-1"]
[WhiteElo "1894"]
[BlackElo "2224"]
[PlyCount "78"]
[EventDate "2014.08.18"]
[EventType "team-swiss"]
[EventRounds "6"]
[EventCountry "ESP"]
[Source "lmi"]
[SourceDate "2014.08.18"]
[WhiteTeam "REVERTE ALBOX"]
[BlackTeam "REAL GRUPO DE CULTURA COVADONGA"]

1. e4 e5 2. Nf3 Nc6 3. Bb5 a6 4. O-O Nf6 5. Ba4 d6 6. Bxc6+ bxc6 7. d4 exd4 8.
Nxd4 c5 9. Nb3 Be7 10. Nc3 O-O 11. Bf4 a5 12. e5 dxe5 13. Bxe5 a4 14. Nd2 Ng4
15. Bg3 f5 16. Nf3 f4 17. Qxd8 Bxd8 18. Bh4 Bxh4 19. Nxh4 a3 20. b3 Bb7 21.
Rad1 c4 22. Nd5 cxb3 23. cxb3 Ra5 24. Ne7+ Kh8 25. Rd4 Ne5 26. Rfd1 g6 27. Nd5
f3 28. Nxc7 Kg8 29. b4 Ra7 30. Ne6 Re8 31. Rd8 Rxd8 32. Rxd8+ Kf7 33. Ng5+ Ke7
34. Rh8 Kf6 35. Nhxf3 Nxf3+ 36. Nxf3 Bd5 37. b5 Bxa2 38. Rb8 Bd5 39. b6 a2 0-1

[Event "ESP tch Segunda División 2014"]
[Site "Linares ESP"]
[Date "2014.08.22"]
[Round "6.5"]
[White "Fernandez Torre, Ivan"]
[Black "Pastor Jimenez, Daniel"]
[Result "1/2-1/2"]
[WhiteElo "2233"]
[BlackElo "1994"]
[PlyCount "136"]
[EventDate "2014.08.18"]
[EventType "team-swiss"]
[EventRounds "6"]
[EventCountry "ESP"]
[Source "lmi"]
[SourceDate "2014.08.18"]
[WhiteTeam "REAL GRUPO DE CULTURA COVADONGA"]
[BlackTeam "REVERTE ALBOX"]

1. e4 c5 2. Nf3 d6 3. d4 cxd4 4. Nxd4 Nf6 5. Nc3 a6 6. f4 e5 7. Nf3 Qc7 8. a4
Nbd7 9. Bd3 Be7 10. O-O b6 11. Kh1 O-O 12. Qe1 Re8 13. Bd2 Bf8 14. Qh4 Bb7 15.
Rae1 Nc5 16. b4 Nxd3 17. cxd3 Rad8 18. Rc1 Qd7 19. Be3 b5 20. axb5 axb5 21. Nd2
d5 22. Bb6 Rc8 23. fxe5 Rxe5 24. Bd4 Rh5 25. Qg3 Ng4 26. Nf3 dxe4 27. Nxe4 Rxc1
28. Rxc1 Bxe4 29. dxe4 Nxh2 30. Nxh2 Qxd4 31. Qf3 g6 32. Rf1 f6 33. Rd1 Qe5 34.
g3 Qb2 35. Qg2 Qxb4 36. g4 Re5 37. Nf3 Rxe4 38. g5 fxg5 39. Qxg5 Qc4 40. Rc1
Qe6 41. Qxb5 Qh3+ 42. Nh2 Qe3 43. Rf1 Re6 44. Qb8 Re8 45. Qc7 Qe6 46. Rd1 Qe4+
47. Kg1 Bh6 48. Rd8 Qe1+ 49. Kg2 Qe2+ 50. Kh1 Qe4+ 51. Kg1 Be3+ 52. Kf1 Qf5+
53. Ke2 Qf2+ 54. Kd1 Qg1+ 55. Ke2 Qf2+ 56. Kd1 Rxd8+ 57. Qxd8+ Qf8 58. Qd5+ Qf7
59. Qa8+ Kg7 60. Qa1+ Kf8 61. Qh8+ Ke7 62. Qe5+ Qe6 63. Qg7+ Kd8 64. Qh8+ Kd7
65. Qxh7+ Kc6 66. Nf3 Qg4 67. Qxg6+ Qxg6 68. Ne5+ Kc5 1/2-1/2

[Event "ESP tch Segunda División 2014"]
[Site "Linares ESP"]
[Date "2014.08.22"]
[Round "6.5"]
[White "Iglesias Valle, Julian"]
[Black "Perez Beltran, Jose Maria"]
[Result "1-0"]
[WhiteElo "2056"]
[BlackElo "1697"]
[PlyCount "94"]
[EventDate "2014.08.18"]
[EventType "team-swiss"]
[EventRounds "6"]
[EventCountry "ESP"]
[Source "lmi"]
[SourceDate "2014.08.18"]
[WhiteTeam "REAL GRUPO DE CULTURA COVADONGA"]
[BlackTeam "REVERTE ALBOX"]

1. c4 Nf6 2. Nc3 e6 3. e4 d5 4. e5 Nfd7 5. d4 dxc4 6. Bxc4 Nb6 7. Bb3 c5 8. Nf3
Be7 9. Be3 c4 10. Bc2 Nd5 11. O-O Bd7 12. a4 Na6 13. Nd2 Rc8 14. Qg4 Bf8 15.
Nde4 h5 16. Qg3 Rg8 17. Nxd5 exd5 18. Nf6+ gxf6 19. Qxg8 fxe5 20. Bh6 Qe7 21.
Rae1 e4 22. Bxe4 Be6 23. Bxd5 Kd7 24. Bxe6+ fxe6 25. Bxf8 Rxf8 26. Qg6 Nb4 27.
Re5 Nd3 28. Re4 Nf4 29. Qg3 h4 30. Qe3 Qd6 31. Re1 Rf6 32. Qa3 Qxa3 33. bxa3
Nd3 34. R1e2 Kd6 35. Rc2 Kd5 36. Rxh4 Rf5 37. f3 Nf4 38. Kf2 a6 39. Ke3 Nd3 40.
g4 Rxf3+ 41. Kxf3 Ne1+ 42. Ke2 Nxc2 43. g5 e5 44. g6 Ke6 45. dxe5 Nxa3 46. Rg4
Kd5 47. Kd2 Nb5 1-0

[Event "ESP tch Segunda División 2014"]
[Site "Linares ESP"]
[Date "2014.08.22"]
[Round "6.5"]
[White "Rubio Tapia, Jose Juan"]
[Black "Alvarez Fernandez, Enrique"]
[Result "0-1"]
[WhiteElo "2060"]
[BlackElo "2355"]
[PlyCount "64"]
[EventDate "2014.08.18"]
[EventType "team-swiss"]
[EventRounds "6"]
[EventCountry "ESP"]
[Source "lmi"]
[SourceDate "2014.08.18"]
[WhiteTeam "REVERTE ALBOX"]
[BlackTeam "REAL GRUPO DE CULTURA COVADONGA"]

1. d4 d5 2. c4 Nc6 3. e3 e6 4. Nc3 Bb4 5. Nf3 Nf6 6. Be2 O-O 7. O-O dxc4 8.
Bxc4 b6 9. Qe2 Bb7 10. Rd1 Bxc3 11. bxc3 Ne4 12. Qc2 Na5 13. Bd3 f5 14. Ne5 Qe7
15. f3 Nf6 16. e4 fxe4 17. fxe4 c5 18. Bg5 Qc7 19. Qe2 Rae8 20. Rac1 c4 21. Bb1
b5 22. Rf1 Nd7 23. Ng4 Rxf1+ 24. Rxf1 Rf8 25. Be7 Rxf1+ 26. Qxf1 Nc6 27. Bh4
Nf8 28. e5 Ne7 29. Bxe7 Qxe7 30. Qf4 b4 31. Ne3 bxc3 32. Nd1 Bc8 0-1

[Event "ESP tch Segunda División 2014"]
[Site "Linares ESP"]
[Date "2014.08.22"]
[Round "6.6"]
[White "Diaz Nuñez, Adolfo"]
[Black "Rubio Tent, Francisco"]
[Result "1/2-1/2"]
[WhiteElo "2253"]
[BlackElo "2223"]
[PlyCount "60"]
[EventDate "2014.08.18"]
[EventType "team-swiss"]
[EventRounds "6"]
[EventCountry "ESP"]
[Source "lmi"]
[SourceDate "2014.08.18"]
[WhiteTeam "HOTELAN.COM - BINISSALEM"]
[BlackTeam "C.A. ALZIRA"]

1. Nf3 Nf6 2. c4 c6 3. d4 d5 4. e3 a6 5. Nbd2 Bf5 6. Nh4 Bg6 7. Nxg6 hxg6 8. g3
e6 9. Bg2 Nbd7 10. O-O Be7 11. Rb1 O-O 12. b4 b5 13. c5 Qc7 14. Nb3 e5 15. Qc2
exd4 16. exd4 Rfe8 17. Bf4 Qc8 18. Rfe1 Nf8 19. Rbc1 Bd8 20. Rxe8 Nxe8 21. Re1
Bf6 22. Be5 Nc7 23. Qc3 Nce6 24. Bh3 Bxe5 25. Bxe6 Nxe6 26. Rxe5 Qd8 27. Na5
Qd7 28. Nb3 Re8 29. h4 f6 30. Re3 Qd8 1/2-1/2

[Event "ESP tch Segunda División 2014"]
[Site "Linares ESP"]
[Date "2014.08.22"]
[Round "6.6"]
[White "Nadal Bestard, Sebastian"]
[Black "Reig Albero, Ferran"]
[Result "0-1"]
[WhiteElo "1874"]
[BlackElo "2063"]
[PlyCount "57"]
[EventDate "2014.08.18"]
[EventType "team-swiss"]
[EventRounds "6"]
[EventCountry "ESP"]
[Source "lmi"]
[SourceDate "2014.08.18"]
[WhiteTeam "HOTELAN.COM - BINISSALEM"]
[BlackTeam "C.A. ALZIRA"]

1. c4 Nf6 2. Nc3 e6 3. Nf3 d5 4. d4 Bb4 5. Bg5 Nbd7 6. e3 c5 7. a3 Bxc3+ 8.
bxc3 Qa5 9. Qb3 Ne4 10. Rc1 dxc4 11. Bxc4 cxd4 12. Bh4 dxe3 13. fxe3 O-O 14.
O-O Ndc5 15. Qb4 Qc7 16. Rcd1 b6 17. Nd4 a6 18. Ba2 Bb7 19. Bb1 Rac8 20. Ne2 a5
21. Qd4 Qc6 22. Rf3 f6 23. Bxe4 Nxe4 24. Qd3 Nxc3 25. Nd4 Qc4 26. Qxc4 Rxc4 27.
Nxe6 Bxf3 28. Rd7 Bd5 29. Bg3 0-1

[Event "ESP tch Segunda División 2014"]
[Site "Linares ESP"]
[Date "2014.08.22"]
[Round "6.6"]
[White "Ribera Cebolla, Marc"]
[Black "Nadal Marti, Bernardo Pedro"]
[Result "1-0"]
[WhiteElo "2059"]
[BlackElo "1932"]
[PlyCount "123"]
[EventDate "2014.08.18"]
[EventType "team-swiss"]
[EventRounds "6"]
[EventCountry "ESP"]
[Source "lmi"]
[SourceDate "2014.08.18"]
[WhiteTeam "C.A. ALZIRA"]
[BlackTeam "HOTELAN.COM - BINISSALEM"]

1. e4 e6 2. d4 d5 3. Bd3 dxe4 4. Bxe4 Nf6 5. Bf3 Be7 6. Ne2 O-O 7. O-O c5 8. c4
Nc6 9. Be3 e5 10. d5 Nd4 11. Bxd4 exd4 12. b4 cxb4 13. Nxd4 Bd7 14. Qd3 Rc8 15.
a3 bxa3 16. Nxa3 a6 17. Nac2 Qc7 18. Ne3 g6 19. Rfd1 Bc5 20. Rac1 Ne8 21. Nb3
Nd6 22. Nxc5 Qxc5 23. Qd4 Qxd4 24. Rxd4 Rc5 25. Rb1 b5 26. cxb5 Bxb5 27. Ng4
Rc4 28. Rdd1 f6 29. Ne3 Rc7 30. Ra1 Kf7 31. h4 h5 32. g3 Rd8 33. Rd4 Rdc8 34.
Kg2 Rc1 35. Rd1 Rxa1 36. Rxa1 Ke7 37. Bd1 Nc4 38. Ba4 Nxe3+ 39. fxe3 Bxa4 40.
Rxa4 Rc5 41. e4 a5 42. Kf3 Kd6 43. Kf4 Rb5 44. Ra1 Rc5 45. Rb1 a4 46. Rb6+ Ke7
47. Ra6 Rc4 48. Ra7+ Kf8 49. Ke3 Rb4 50. Kd3 Rb3+ 51. Kd4 a3 52. d6 Rb5 53.
Rxa3 Kf7 54. Ra7+ Ke6 55. d7 Ke7 56. Ra6 Kxd7 57. Rxf6 g5 58. Rf5 Rb4+ 59. Ke5
g4 60. Kf4 Ke6 61. Rxh5 Kf6 62. Rg5 1-0

[Event "ESP tch Segunda División 2014"]
[Site "Linares ESP"]
[Date "2014.08.22"]
[Round "6.7"]
[White "Clement Gomez, Jose A"]
[Black "Rodriguez Garcia, Carlos"]
[Result "1-0"]
[WhiteElo "2381"]
[BlackElo "2082"]
[PlyCount "85"]
[EventDate "2014.08.18"]
[EventType "team-swiss"]
[EventRounds "6"]
[EventCountry "ESP"]
[Source "lmi"]
[SourceDate "2014.08.18"]
[WhiteTeam "C.A. ENRIC VALOR FIGUERAS PACHECO"]
[BlackTeam "CLUB AJEDREZ PROMESAS"]

1. c4 f5 2. g3 Nf6 3. Bg2 g6 4. Nc3 Bg7 5. d3 d6 6. Nf3 O-O 7. O-O c6 8. Rb1 a5
9. a3 Na6 10. b4 e5 11. b5 Nc5 12. bxc6 bxc6 13. Nd2 Bd7 14. Na4 Nxa4 15. Qxa4
Qc7 16. Qc2 Rab8 17. Bb2 c5 18. Bc3 a4 19. Rxb8 Rxb8 20. Rb1 Kf7 21. Nf1 Bh6
22. Rb2 Ke7 23. Qb1 Rxb2 24. Qxb2 Bc6 25. Bxc6 Qxc6 26. f4 Ke6 27. fxe5 Ng4 28.
Bd2 Bg7 29. Qb8 Bxe5 30. Qg8+ Kf6 31. h3 Bd4+ 32. e3 Nxe3 33. Qf8+ Ke6 34. Bxe3
Bxe3+ 35. Nxe3 Qf3 36. Qe8+ Kf6 37. Nd5+ Kg7 38. Qe7+ Kh6 39. Qe3+ Qxe3+ 40.
Nxe3 Kg5 41. Nd5 h5 42. h4+ Kg4 43. Kg2 1-0

[Event "ESP tch Segunda División 2014"]
[Site "Linares ESP"]
[Date "2014.08.22"]
[Round "6.7"]
[White "Cobos Ceballos, Cristofer"]
[Black "Sanchez Dengra, Barbara"]
[Result "1/2-1/2"]
[WhiteElo "1866"]
[BlackElo "1947"]
[PlyCount "130"]
[EventDate "2014.08.18"]
[EventType "team-swiss"]
[EventRounds "6"]
[EventCountry "ESP"]
[Source "lmi"]
[SourceDate "2014.08.18"]
[WhiteTeam "CLUB AJEDREZ PROMESAS"]
[BlackTeam "C.A. ENRIC VALOR FIGUERAS PACHECO"]

1. d4 d5 2. Nf3 Nf6 3. g3 Bf5 4. Bg2 c6 5. Nbd2 Nbd7 6. O-O h6 7. c4 e6 8. b3
Bd6 9. Bb2 O-O 10. a3 Re8 11. b4 dxc4 12. Nxc4 Bc7 13. Qb3 Be4 14. Ncd2 Bd5 15.
Qc2 Bxf3 16. Nxf3 e5 17. dxe5 Nxe5 18. Nxe5 Bxe5 19. Bxe5 Rxe5 20. Rfd1 Qe7 21.
e3 a5 22. Qb2 axb4 23. axb4 Rxa1 24. Rxa1 Rb5 25. Ra4 Nd5 26. Qc2 Nb6 27. Ra7
Qxb4 28. Rxb7 Nd5 29. Rd7 Qb1+ 30. Qxb1 Rxb1+ 31. Bf1 Nf6 32. Ra7 g6 33. Kg2
Rc1 34. Rc7 Kg7 35. Bb5 c5 36. Kf3 Rc3 37. Ke2 Rc2+ 38. Ke1 Nd5 39. Rc8 Nf6 40.
Bd3 Rc3 41. Kd2 Ra3 42. Rxc5 Ra2+ 43. Rc2 Rxc2+ 44. Bxc2 Ng4 45. Ke2 Kf6 46. h3
Ne5 47. f4 Nd7 48. e4 g5 49. Kf3 gxf4 50. gxf4 Nf8 51. Kg4 Ne6 52. h4 h5+ 53.
Kg3 Nc5 54. e5+ Ke6 55. Bd1 Nd7 56. Bb3+ Kf5 57. Bxf7 Nxe5 58. Bxh5 Nd3 59.
Bg4+ Kf6 60. f5 Ne5 61. Bh3 Nf7 62. Kg4 Nh6+ 63. Kf4 Nxf5 64. Bxf5 Kg7 65. Kg5
Kh8 1/2-1/2

[Event "ESP tch Segunda División 2014"]
[Site "Linares ESP"]
[Date "2014.08.22"]
[Round "6.7"]
[White "Garcia Garcia, Adrian Antonio"]
[Black "Sanchez Dengra, Jose Maria"]
[Result "1-0"]
[WhiteElo "2063"]
[BlackElo "2134"]
[PlyCount "55"]
[EventDate "2014.08.18"]
[EventType "team-swiss"]
[EventRounds "6"]
[EventCountry "ESP"]
[Source "lmi"]
[SourceDate "2014.08.18"]
[WhiteTeam "CLUB AJEDREZ PROMESAS"]
[BlackTeam "C.A. ENRIC VALOR FIGUERAS PACHECO"]

1. e4 c5 2. Nc3 Nc6 3. f4 g6 4. Nf3 Bg7 5. g3 d6 6. Bg2 Nf6 7. O-O O-O 8. d3
Bg4 9. h3 Bxf3 10. Bxf3 Nd4 11. Ne2 Nxf3+ 12. Rxf3 b5 13. g4 Qc7 14. Ng3 Rab8
15. g5 Nd7 16. h4 Rfc8 17. c3 c4 18. d4 b4 19. h5 bxc3 20. bxc3 Rb5 21. f5 Qb6
22. Rf1 Rb1 23. Rxb1 Qxb1 24. fxg6 hxg6 25. Qg4 Rd8 26. hxg6 fxg6 27. Qe6+ Kh7
28. Bf4 1-0

[Event "ESP tch Segunda División 2014"]
[Site "Linares ESP"]
[Date "2014.08.22"]
[Round "6.7"]
[White "Garcia Ramos, Marcos"]
[Black "De la Cruz Revilla, Miguel"]
[Result "1-0"]
[WhiteElo "2141"]
[BlackElo "2039"]
[PlyCount "85"]
[EventDate "2014.08.18"]
[EventType "team-swiss"]
[EventRounds "6"]
[EventCountry "ESP"]
[Source "lmi"]
[SourceDate "2014.08.18"]
[WhiteTeam "C.A. ENRIC VALOR FIGUERAS PACHECO"]
[BlackTeam "CLUB AJEDREZ PROMESAS"]

1. e4 d6 2. d4 g6 3. Nc3 Bg7 4. Nf3 c6 5. a4 Nf6 6. Bc4 O-O 7. O-O Bg4 8. h3
Bxf3 9. Qxf3 Nbd7 10. Bb3 a5 11. Rd1 e5 12. dxe5 dxe5 13. Bg5 Qc7 14. Rd2 h6
15. Bh4 g5 16. Bg3 Nc5 17. Bc4 Rae8 18. Rad1 Nfd7 19. h4 Nb6 20. Ba2 Ne6 21.
hxg5 Nxg5 22. Qf5 Qc8 23. Qxc8 Rxc8 24. f3 Rc7 25. Bf2 Na8 26. Rd7 Bf6 27. Rxc7
Nxc7 28. Rd7 Nge6 29. Bb6 Rd8 30. Bxe6 Nxe6 31. Bxd8 Nxd8 32. Ne2 Kf8 33. Ng3
Ke8 34. Rd1 Be7 35. Nf5 Bc5+ 36. Kf1 Bf8 37. Ke2 Ne6 38. g3 Bc5 39. c3 b5 40.
axb5 cxb5 41. Nxh6 a4 42. Ng4 b4 43. Nf6+ 1-0